| 000 | 00583 a2200205 4500 | ||
|---|---|---|---|
| 001 | 133004 | ||
| 020 | _a85-250-0553-3 | ||
| 040 | _cLeonardo Da Vinci | ||
| 041 | _aPortuguês | ||
| 082 |
_aI V593c _bV593c |
||
| 100 | _aVerdet, Jean-Pierre | ||
| 245 | _aO céu, o ar e o vento | ||
| 250 | _a3.ed | ||
| 260 |
_bGlobo _c1988 _aRio de Janeiro |
||
| 362 | _a19880000 | ||
| 490 | _aDescobrindo | ||
| 500 |
_aHenri Galeron (Ilustração) _aLino Albergaria (Tradução e Adaptação) |
||
| 697 |
_aLiteratura infantil _aLiteratura infanto juvenil _aFrança _aAr _aVento |
||
| 942 | _cBK | ||
| 999 |
_c133004 _d133004 |
||